Born in Venice - Statistics

General Stats
  • This quiz has been taken 49 times
    9 since last reset
  • The average score is 4 of 7
Answer Stats
Hint Answer % Correct
Baroque composer, "The Four Seasons" 1678 Antonio Vivaldi
100%
Explorer, merchant and well-known traveler of Asia 1254 Marco Polo
100%
Author and adventurer, his name is now synonymous with "womanizer" 1725 Giacomo Casanova
89%
Actor, known for his films with longtime film partner Bud Spencer 1939 Terence Hill
44%
Painter and important member of the Venetian school, "The Stonemason's Yard" 1697 Canaletto
33%
Most famous doge of Venice 1107 Enrico Dandolo
22%
Former long-time striker for Lazio 1977 Tommasso Rocchi
22%
No matching quizzes found
Score Distribution
Percent of People with Each Score
Percentile by Number Answered
Your Score History
You have not taken this quiz since the last reset